| 000 | 00614nam a22001937a 4500 | ||
|---|---|---|---|
| 999 |
_c170986 _d170986 |
||
| 005 | 20200101121548.0 | ||
| 010 | _aA-581166 | ||
| 020 |
_a8171600352 _c73.00 |
||
| 035 | _aA-581166 | ||
| 037 | _bBPPD/Pub. | ||
| 082 | _a840.8 | ||
| 100 | _aمنظر اعظمی | ||
| 245 |
_aاردو ميں تمثیل نگاری / _cمنظر اعظمی |
||
| 246 |
_aUrdu Mein Tamseel Nigare (Urdu) / _bby Manzar Azmi |
||
| 260 |
_aNew Delhi _bAnjuman Taraqqi Urdu _c1992 ء |
||
| 270 |
_aUrdu Bhawan, 2nd Floor, Chowhatta _bPatna _e800004 |
||
| 300 |
_a372p. _c20cm(Hb) |
||
| 942 |
_2ddc _cUR _h840.8 _mم ن ظ |
||